000 00534nam a2200193Ia 4500
003 GCL
008 140319s9999 xx 000 0 eng d
040 _aGCL /
_cGCL
082 0 4 _aCC
_b910.202
_bS K
100 1 _aSEIF, OLA
245 1 0 _aKHAN AL-KHALILI A COMPREHNSIVE MAPPED GUIDE TO CAIRO HISTORIC BAZAAR /
_cSEIF, OLA
260 _a[S.N] :
_bTHE AMERICAN UNIVERSITY IN CAIRO PRESS ،
_c1993
300 _a84
650 0 4 _aWORLD TRAVEL GUIDES
650 0 4 _aBAZZARS
650 0 4 _aHISTORY
650 0 4 _aCAIRO
942 _2ddc
_cBK
999 _c13034
_d13034